| 000 | 00723nam a2200229 a 4500 | ||
|---|---|---|---|
| 001 | 000020759 | ||
| 003 | OSt | ||
| 005 | 20210212095642.0 | ||
| 007 | ta | ||
| 008 | 100813s2016 dr a r 000 j spa d | ||
| 020 | _a9789945600155 | ||
| 040 |
_aDO-SdBNP _bspa _cBNPHU |
||
| 082 | 7 | 4 |
_aRD863.5 _bR466c _222 |
| 100 | 1 |
_aReynoso Abud, Ana Silvia de _925353 |
|
| 245 | 1 | 0 |
_aCuatro madres inolvidables : _brelatos novelados / _cAna Silvia Reynoso de Abud. |
| 260 |
_aSanto Domingo : _bSantuario, _c2016. |
||
| 300 |
_a117 p. : _bil., retrs. ; _c23 cm. |
||
| 500 | _aIncluye datos biográficos de la autora en las solapas. | ||
| 590 | _aInventariado, 2020/BT | ||
| 910 | _aValidado. Control de calidad. MFF | ||
| 942 |
_2ddc _cLBS1 |
||
| 999 |
_c20263 _d20263 |
||